000 00489nam a2200193Ia 4500
005 20240823053212.0
008 240823s9999||||xx |||||||||||||| ||und||
020 _a978-1-4398-0315-8
041 _aENGLISH
082 _A004.678 Q5
100 _aSyed A Ahson et al.
245 0 _aCloud Computing and Software Services
250 _a1st
260 _c2015
_b"CRC Press,Boca "
500 _aYES
650 _aSoftware Services
_bSoftware Engineering
942 _cBK
999 _c223637
_d223637